<?xml version="1.0" encoding="UTF-8"?>
<record
    xmlns:xsi="http://www.w3.org/2001/XMLSchema-instance"
    xsi:schemaLocation="http://www.loc.gov/MARC21/slim http://www.loc.gov/standards/marcxml/schema/MARC21slim.xsd"
    xmlns="http://www.loc.gov/MARC21/slim">

  <leader>00636nam a22001571  4500</leader>
  <controlfield tag="001">c  98000056 </controlfield>
  <controlfield tag="003">DLC</controlfield>
  <controlfield tag="005">20260227111037.0</controlfield>
  <controlfield tag="008">810115s1898    kyuc          00010 eng  </controlfield>
  <datafield tag="010" ind1=" " ind2=" ">
    <subfield code="a">c  98000056 </subfield>
  </datafield>
  <datafield tag="050" ind1="0" ind2=" ">
    <subfield code="a">HS425</subfield>
    <subfield code="b">.H8</subfield>
  </datafield>
  <datafield tag="100" ind1="1" ind2="0">
    <subfield code="a">Hurd, Edward Franklin.</subfield>
  </datafield>
  <datafield tag="245" ind1="1" ind2="4">
    <subfield code="a">The Masonry of the Bible;</subfield>
    <subfield code="b">a ... treatise on, and exposition of, the principles of ancient craft masonry, as they appear in the literal reading of the great light of masonry, which is in the Holy Bible.</subfield>
    <subfield code="c">With a personal introduction by ... R. R. Russell.</subfield>
  </datafield>
  <datafield tag="260" ind1="0" ind2=" ">
    <subfield code="a">Louisville, Ky.</subfield>
    <subfield code="b">C. T. Dearing,</subfield>
    <subfield code="c">1898.</subfield>
  </datafield>
  <datafield tag="300" ind1=" " ind2=" ">
    <subfield code="a">281 p.</subfield>
    <subfield code="b">port.</subfield>
    <subfield code="c">8&#x2070;.</subfield>
  </datafield>
  <datafield tag="999" ind1=" " ind2=" ">
    <subfield code="c">13032</subfield>
    <subfield code="d">13032</subfield>
  </datafield>
</record>
